| 000 | 00399nam a22001457a 4500 | ||
|---|---|---|---|
| 005 | 20150827101405.0 | ||
| 008 | 150827b xxu||||| |||| 00| 0 eng d | ||
| 040 | _cPK-LaUMT | ||
| 082 |
_aKHC 306.0954914 _bABI-P |
||
| 100 | _aعابد کمالوی | ||
| 245 |
_aپنجاب کی ثقافت _cعابد کمالوی |
||
| 260 |
_aملتان _bبزم ثقافت _c2007 |
||
| 300 | _a112 ص | ||
| 942 | _cBK | ||
| 999 |
_c75080 _d75080 |
||